000 00498nam a2200205Ia 4500
008 210210b2012 xxu||||| |||| 00| 0 eng d
020 _a9788130919188
041 _aeng
082 _a510.2465 KHAT
100 _aKHAN (Mohd shadab)
245 _aTextbook of business mathematics
260 _aNew Delhi
_bViva books
_c2012
300 _avii,532
650 _aTextbook
650 _aof
650 _amathematics
650 _abusiness
690 _aBusiness Mathematics
906 _a066845
999 _c149305
_d149305